000 00345 a2200133 4500
999 _c41832
_d41832
003 OSt
005 20230225131940.0
008 230225b ||||| |||| 00| 0 eng d
040 _coclc
082 _a894.812
_bPON/P
245 _aPonnani Primer
300 _a282 pages
942 _2ddc
_cBK
_h894.812
_iPON/P
_k894.812
_mPON/P